[Event "TUR-chT2"]
[Site "Konya"]
[Date "2018.07.14"]
[Round "7.1"]
[White "Altinoz, Fevziye Ece"]
[Black "Mustu, Hatice Asli"]
[Result "1-0"]
[WhiteElo "1633"]
[BlackElo "1611"]
[PlyCount "97"]
[EventDate "2018.07.10"]
[EventType "team-swiss"]
[EventRounds "9"]
[EventCountry "TUR"]
[SourceTitle "EXT 2019"]
[Source "ChessBase"]
[SourceDate "2018.10.10"]
[SourceVersion "1"]
[SourceVersionDate "2018.10.10"]
[SourceQuality "1"]
[WhiteTeam "Beyazkale Dernegi"]
[BlackTeam "Izmir Apaydin Dernegi"]
[WhiteTeamCountry "TUR"]
[BlackTeamCountry "TUR"]

1. e4 c5 2. Nf3 e6 3. d4 cxd4 4. Nxd4 Nf6 5. Bd3 a6 6. c4 Qc7 7. 0-0 Be7 8. Qe2 d6 9. b3 Nbd7 10. Bb2 b6 11. Nd2 Bb7 12. Rac1 Rc8 13. Bb1 0-0 14. Rc3 Rfe8 15. Rfc1 Qb8 16. Re1 Qa8 17. Rg3 Bf8 18. Qe3 Qb8 19. N4f3 e5 20. Nh4 Nh5 21. Rf3 Nf4 22. Nf5 Qc7 23. Rg3 Nf6 24. Rg5 Ne6 25. Rg3 Kh8 26. Qf3 Rcd8 27. Ne3 Nf4 28. Nd5 Bxd5 29. exd5 Qd7 30. Ne4 Nxe4 31. Qxe4 g6 32. Qxf4 Bg7 33. Qe3 b5 34. Bd3 Kg8 35. Qe2 f5 36. Bb1 bxc4 37. bxc4 Rb8 38. Rb3 Qa4 39. Qc2 Qa5 40. Qc3 Qc7 41. Bc2 Re7 42. Rxb8+ Qxb8 43. Qa3 Rb7 44. Bb3 Rb6 45. Qa5 Bf6 46. Bc1 Bd8 47. Qc3 Rb4 48. Bd2 Ba5 49. Qc2 1-0

[Event "TUR-chT 1st League"]
[Site "Konya"]
[Date "2017.07.18"]
[Round "3.7"]
[White "Altinoz, Fevziye Ece"]
[Black "Bulmaga, Irina"]
[Result "0-1"]
[WhiteElo "1666"]
[BlackElo "2412"]
[PlyCount "66"]
[EventDate "2017.07.17"]
[EventType "team-swiss"]
[EventRounds "9"]
[EventCountry "TUR"]
[SourceTitle "CBM 179 Extra"]
[Source "ChessBase"]
[SourceDate "2017.08.23"]
[SourceVersion "1"]
[SourceVersionDate "2017.08.23"]
[SourceQuality "1"]
[WhiteTeam "Karman Masterler"]
[BlackTeam "Karsiyaka Ihtisas"]
[WhiteTeamCountry "TUR"]
[BlackTeamCountry "TUR"]

1. d4 Nf6 2. Nf3 g6 3. Bf4 Bg7 4. e3 d6 5. Be2 0-0 6. 0-0 Nbd7 7. h3 c5 8. c4 b6 9. Nc3 Bb7 10. Qc2 Rc8 11. d5 Ne8 12. Bh2 a6 13. a4 Nc7 14. Rad1 Rb8 15. Ne1 b5 16. b3 bxc4 17. bxc4 Ne8 18. f4 Qa5 19. Rd3 Bc8 20. Nf3 Rb4 21. Rdd1 Nb6 22. Nd2 Nxa4 23. Nxa4 Qxa4 24. Qxa4 Rxa4 25. Nf3 Nf6 26. Bd3 Bf5 27. Bxf5 gxf5 28. Ra1 Rxa1 29. Rxa1 Nxd5 30. Rxa6 Nxe3 31. Ra4 Rb8 32. Kf2 Nd1+ 33. Kg3 Nb2 0-1

[Event "TUR-chT"]
[Site "Kocaeli"]
[Date "2015.08.04"]
[Round "1.7"]
[White "Nikolova, Adriana"]
[Black "Altinoz, Fevziye Ece"]
[Result "1-0"]
[WhiteElo "2304"]
[BlackElo "1543"]
[PlyCount "59"]
[EventDate "2015.08.04"]
[EventType "team-tourn"]
[EventRounds "13"]
[EventCountry "TUR"]
[SourceTitle "CBM 167 Extra"]
[Source "ChessBase"]
[SourceDate "2015.09.14"]
[SourceVersion "1"]
[SourceVersionDate "2015.09.14"]
[SourceQuality "1"]
[WhiteTeam "Kocaeli Buyuksehir"]
[BlackTeam "Hatay Buyuksehir"]
[WhiteTeamCountry "TUR"]
[BlackTeamCountry "TUR"]

1. e4 c5 2. c3 d5 3. exd5 Qxd5 4. d4 Nf6 5. Nf3 e6 6. Bd3 Be7 7. 0-0 0-0 8. Be3 cxd4 9. cxd4 Nc6 10. Nc3 Qd8 11. a3 b6 12. Rc1 Bb7 13. b4 Rc8 14. Bb1 Nb8 15. Qd3 Nbd7 16. Ng5 g6 17. Ba2 Ng4 18. Nxe6 fxe6 19. Bxe6+ Kg7 20. Bxg4 Ne5 21. Qe2 Nxg4 22. Qxg4 Rf5 23. d5 Bf6 24. Bd4 Rg5 25. Qxg5 Bxd4 26. Qxd8 Rxd8 27. Nb5 Be5 28. Rfe1 Kf6 29. Nc3 Bxd5 30. Red1 1-0